000 00569nam a22001697a 4500
999 _c14929
_d14929
003 AR-CdUCM
008 190425b ||||| |||| 00| 0 spa d
040 _aMUNICIPALIDAD PROVINCIAL DEL CUSCO
_cBIBLIOTECA MUNICIPAL DEL CUSCO
082 _aC / 051 /
_bK86
245 _aKosko :
_brevista libre /
260 _aCusco :
_bTrabajo,
_c1924.
300 _a20 páginas ;
_c27 cm.
440 _aKosko
_n22
_933904
505 _aEl fantasma del hombre -- Elogio al ajedrez -- La canción de Albatroz -- La tragedia del cóndor -- Ruídos...
942 _2ddc
_cPP
945 _awfj